[Event "Vellmar op-A 5th"]
[White "Marth, Juergen"]
[Black "Schulze, Lara"]
[Site "Vellmar"]
[Round "1"]
[Result "1-0"]
[Date "2013.07.25"]
[WhiteElo "2058"]
[BlackElo "1788"]
[PlyCount "79"]
[EventDate "2013.07.25"]
[EventType "swiss"]
[EventRounds "7"]
[EventCountry "GER"]
[SourceTitle "EXT 2015"]
[Source "ChessBase"]
[SourceDate "2014.11.20"]
[SourceVersion "1"]
[SourceVersionDate "2014.11.20"]
[SourceQuality "1"]

1. e4 e6 2. d4 d5 3. exd5 exd5 4. Bd3 Nc6 5. c3 Be6 6. Bf4 Qd7 7. Qc2 h6 8. b4 g5 9. Bc1 Bd6 10. b5 Na5 11. Nd2 Nf6 12. Ngf3 Nc4 13. Qb3 g4 14. Nh4 Qe7 15. 0-0 Nxd2 16. Bxd2 Ne4 17. Bxe4 dxe4 18. d5 Bxh2+ 19. Kxh2 Qxh4+ 20. Kg1 Bf5 21. Bf4 Qe7 22. Qa4 h5 23. Rfe1 b6 24. Qc4 Rc8 25. Qc6+ Bd7 26. Qb7 f5 27. Bxc7 Qc5 28. Be5 Rg8 29. a4 Qe7 30. Bd4 g3 31. fxg3 Rxg3 32. Qxa7 Qg5 33. Ra2 h4 34. Be5 Rd3 35. Qxb6 h3 36. Qf6 Qg8 37. Bd6 h2+ 38. Kh1 Qf7 39. Qh8+ Qf8 40. Qxf8# 1-0

[Event "Muehlhaeusen op"]
[White "Marth, Juergen"]
[Black "Zwahr, Paul"]
[Site "Muehlhausen"]
[Round "2.6"]
[Result "1/2-1/2"]
[Date "2007.05.17"]
[WhiteElo "2065"]
[BlackElo "2157"]
[PlyCount "104"]
[EventDate "2007.05.16"]
[EventType "swiss"]
[EventRounds "7"]
[EventCountry "GER"]
[SourceTitle "CBM 118 Extra"]
[Source "ChessBase"]
[SourceDate "2007.07.04"]
[SourceVersion "1"]
[SourceVersionDate "2007.07.04"]
[SourceQuality "1"]

1. e4 c5 2. Nf3 e6 3. b3 a6 4. Bb2 Nc6 5. g3 d6 6. Bg2 e5 7. 0-0 g6 8. c3 Bg7 9. d4 exd4 10. cxd4 Bg4 11. e5 cxd4 12. exd6 Qxd6 13. Re1+ Nge7 14. Nbd2 0-0 15. Nc4 Qd8 16. Qd2 Qc7 17. Rac1 Nf5 18. Nfe5 Nh6 19. Nxc6 bxc6 20. Na5 Rae8 21. Nxc6 Rxe1+ 22. Qxe1 Qd6 23. Ne7+ Kh8 24. Rc6 Qd7 25. Rxa6 Be6 26. Nc6 Bd5 27. Bxd5 Qxd5 28. Ba3 Qb5 29. Bxf8 Qxa6 30. Bxg7+ Kxg7 31. Qe5+ Kf8 32. Qd6+ Kg7 33. Qxd4+ Kg8 34. Ne7+ Kf8 35. Nd5 Qxa2 36. b4 Qb3 37. Qc5+ Kg8 38. Qc8+ Kg7 39. Qc3+ Qxc3 40. Nxc3 Kf6 41. f4 Ke6 42. h3 Nf5 43. Kf2 h5 44. g4 hxg4 45. hxg4 Nd4 46. b5 Kd6 47. Ke3 Ne6 48. f5 gxf5 49. gxf5 Ng7 50. Kf4 f6 51. Ne4+ Kd5 52. Nxf6+ Kc5 1/2-1/2

[Event "Hessen-chB"]
[White "Enders, Georg"]
[Black "Marth, Juergen"]
[Site "Marburg"]
[Round "2.11"]
[Result "1/2-1/2"]
[Date "2006.04.13"]
[WhiteElo "1781"]
[BlackElo "2044"]
[PlyCount "62"]
[EventDate "2006.04.13"]
[EventType "swiss"]
[EventRounds "7"]
[EventCountry "GER"]
[SourceTitle "EXT 2007"]
[Source "ChessBase"]
[SourceDate "2006.11.23"]
[SourceVersion "1"]
[SourceVersionDate "2006.11.23"]
[SourceQuality "1"]

1. e4 Nf6 2. e5 Nd5 3. d4 d6 4. exd6 Qxd6 5. c4 Nf6 6. Be2 Nc6 7. Nf3 e5 8. dxe5 Nxe5 9. 0-0 Qxd1 10. Rxd1 Bd6 11. Nc3 0-0 12. Bg5 Nxf3+ 13. Bxf3 Ng4 14. h3 Ne5 15. Be2 Be6 16. b3 h6 17. Be3 f5 18. Nb5 f4 19. Bxa7 f3 20. Bf1 fxg2 21. Bxg2 Rxa7 22. Nxa7 Nf3+ 23. Kf1 Be5 24. Rac1 c6 25. Bxf3 Rxf3 26. Rd8+ Kh7 27. Kg2 Rf6 28. Re1 Bc7 29. Rxe6 Rxe6 30. Rd7 Rg6+ 31. Kf1 Be5 1/2-1/2

[Event "Bad Zwesten op 9th"]
[White "Genova, Liubka"]
[Black "Marth, Juergen"]
[Site "Bad Zwesten"]
[Round "6"]
[Result "1-0"]
[Date "2005.01.05"]
[WhiteElo "2216"]
[BlackElo "2036"]
[PlyCount "95"]
[EventDate "2005.01.02"]
[EventType "swiss"]
[EventRounds "9"]
[EventCountry "GER"]
[SourceTitle "CBM 104 Extra"]
[Source "ChessBase"]
[SourceDate "2005.03.01"]
[SourceVersion "1"]
[SourceVersionDate "2005.03.01"]
[SourceQuality "1"]

1. e4 c5 2. Nf3 Nc6 3. Nc3 g6 4. d4 cxd4 5. Nxd4 Bg7 6. Be3 d6 7. Bc4 Nf6 8. f3 0-0 9. Qd2 Nxd4 10. Bxd4 Be6 11. Bxe6 fxe6 12. 0-0-0 Nh5 13. Bxg7 Nxg7 14. e5 d5 15. h4 Rc8 16. Ne2 Qc7 17. f4 Qc4 18. Kb1 Qe4 19. g4 Rc4 20. Rhf1 Rfc8 21. Nc3 Rxc3 22. bxc3 Qa4 23. Ka1 Rc4 24. Rb1 Qa6 25. Qd3 Qc6 26. Rf3 a5 27. Qe3 d4 28. cxd4 Rxc2 29. Qb3 Qc4 30. Qd3 Qc6 31. d5 Qa4 32. a3 Rc5 33. d6 Rd5 34. Qc3 Kf7 35. Rxb7 Rd1+ 36. Ka2 Ne8 37. Rxe7+ Kf8 38. f5 exf5 39. gxf5 g5 40. Rxh7 Qe4 41. Rh8+ Kg7 42. e6+ Nf6 43. Rb8 Qd5+ 44. Kb2 Rd2+ 45. Kc1 Rd1+ 46. Kc2 Qxd6 47. Rb7+ Kg8 48. Qc8+ 1-0

[Event "Bad Zwesten op 7th"]
[White "Blome, Thomas"]
[Black "Marth, Juergen"]
[Site "Bad Zwesten"]
[Round "9"]
[Result "1-0"]
[Date "2003.??.??"]
[WhiteElo "1820"]
[BlackElo "2075"]
[PlyCount "109"]
[EventDate "2003.01.02"]
[EventType "swiss"]
[EventRounds "9"]
[EventCountry "GER"]
[SourceTitle "CBM 092 Extra"]
[Source "ChessBase"]
[SourceDate "2003.03.07"]
[SourceVersion "1"]
[SourceVersionDate "2003.03.07"]
[SourceQuality "1"]

1. b3 d5 2. Bb2 Nf6 3. e3 a6 4. Nf3 Bf5 5. d4 e6 6. Bd3 Be7 7. 0-0 0-0 8. c4 Bxd3 9. Qxd3 c6 10. Nc3 Nbd7 11. Rfd1 Qa5 12. cxd5 exd5 13. a3 Rae8 14. b4 Qd8 15. Rab1 Bd6 16. Ba1 b5 17. Rbc1 Nb6 18. Ne2 Nc4 19. Ng3 Ne4 20. Rc2 Re6 21. Ra2 Bb8 22. a4 Rh6 23. Nxe4 dxe4 24. Qxe4 Re8 25. Qd3 Qd5 26. Rc2 Qh5 27. h3 Rg6 28. Kf1 f5 29. Ne5 Bxe5 30. dxe5 Qg5 31. g3 h5 32. axb5 axb5 33. Rxc4 bxc4 34. Qxc4+ Rge6 35. Rd6 Qg6 36. Rxc6 f4 37. Rxe6 Rxe6 38. exf4 Kh7 39. Bd4 Qb1+ 40. Ke2 Rg6 41. h4 Qe4+ 42. Kd2 Kh6 43. Qd3 Qd5 44. f5 Qa2+ 45. Qc2 Qd5 46. fxg6 Qxd4+ 47. Ke2 Qxe5+ 48. Kd1 Qb8 49. Qd2+ Kxg6 50. Qg5+ Kf7 51. Qf4+ Qxf4 52. gxf4 Ke6 53. Ke2 Kd5 54. Kd3 g6 55. f3 1-0

[Event "Bad Zwesten op 7th"]
[White "Ehemann, Pascal"]
[Black "Marth, Juergen"]
[Site "Bad Zwesten"]
[Round "7"]
[Result "0-1"]
[Date "2003.??.??"]
[WhiteElo "1787"]
[BlackElo "2075"]
[PlyCount "112"]
[EventDate "2003.01.02"]
[EventType "swiss"]
[EventRounds "9"]
[EventCountry "GER"]
[SourceTitle "CBM 092 Extra"]
[Source "ChessBase"]
[SourceDate "2003.03.07"]
[SourceVersion "1"]
[SourceVersionDate "2003.03.07"]
[SourceQuality "1"]

1. Nf3 g6 2. g3 Bg7 3. d3 d5 4. Bg2 e5 5. 0-0 h6 6. e4 dxe4 7. dxe4 Qxd1 8. Rxd1 Ne7 9. Nc3 c6 10. Be3 Nd7 11. Rd2 0-0 12. Rad1 Nb6 13. Bxb6 axb6 14. Rd8 Be6 15. Rxf8+ Kxf8 16. Na4 Ke8 17. b3 Nc8 18. c4 g5 19. Nc3 f6 20. Rd2 Bf8 21. Ne2 Bb4 22. Rc2 Nd6 23. Nd2 Ke7 24. h3 Ne8 25. Nb1 Nc7 26. Nbc3 Na6 27. Na4 Nc5 28. Nxc5 bxc5 29. Nc1 Rd8 30. Kh2 f5 31. a4 h5 32. Re2 f4 33. f3 Bd2 34. Na2 fxg3+ 35. Kxg3 Bf4+ 36. Kf2 Rd3 37. Rb2 h4 38. Bf1 Rd1 39. Nc3 Bg3+ 40. Kg1 Re1 41. Rb1 Re3 42. Ne2 Rxf3 43. Nxg3 Rxg3+ 44. Kh2 Re3 45. b4 cxb4 46. Rxb4 Bc8 47. Bg2 Kd6 48. Rb2 Ra3 49. Rd2+ Kc7 50. Bf1 Rxa4 51. Rg2 Ra1 52. Bd3 Rd1 53. Bc2 Rd4 54. Rxg5 Rxc4 55. Rg7+ Kd6 56. Rg6+ Kc5 0-1

[Event "Bad Zwesten op 7th"]
[White "Marth, Juergen"]
[Black "Koeller, Oliver"]
[Site "Bad Zwesten"]
[Round "4"]
[Result "0-1"]
[Date "2003.??.??"]
[WhiteElo "2075"]
[BlackElo "2250"]
[PlyCount "112"]
[EventDate "2003.01.02"]
[EventType "swiss"]
[EventRounds "9"]
[EventCountry "GER"]
[SourceTitle "CBM 092 Extra"]
[Source "ChessBase"]
[SourceDate "2003.03.07"]
[SourceVersion "1"]
[SourceVersionDate "2003.03.07"]
[SourceQuality "1"]

1. e4 g6 2. d4 Bg7 3. Nf3 d6 4. h3 Nf6 5. Bd3 0-0 6. 0-0 Nbd7 7. c3 c6 8. a4 b6 9. Re1 e5 10. Na3 Qc7 11. b3 Re8 12. Nc4 a6 13. Ba3 c5 14. dxe5 dxe5 15. Bc2 Re6 16. Qe2 Bb7 17. Ng5 Re7 18. Rad1 h6 19. Nf3 Re6 20. Bb2 Bc6 21. Nfd2 b5 22. Ne3 Qb7 23. Ba1 Nf8 24. c4 bxa4 25. bxa4 Ree8 26. Nd5 N6d7 27. Rb1 Qa7 28. Nb3 Ne6 29. Na5 Rac8 30. Nxc6 Rxc6 31. a5 Rd6 32. Ba4 Rf8 33. Qb2 Rb8 34. Qa3 Rxb1 35. Rxb1 Kh7 36. Qb2 Nd4 37. Qb7 Qxb7 38. Rxb7 Nf6 39. Rb6 Nxe4 40. Bxd4 exd4 41. f3 Rxb6 42. axb6 Nd6 43. f4 Bf8 44. Bc6 Nxc4 45. Nf6+ Kh8 46. b7 Bd6 47. Nd7 Bxf4 48. b8Q+ Bxb8 49. Nxb8 Ne5 50. Bd5 a5 51. Na6 c4 52. Nc5 Kg7 53. Kf2 Kf6 54. Nb7 a4 55. Na5 a3 56. Bxc4 Nxc4 0-1

[Event "Bad Zwesten op 7th"]
[White "Schneider, Udo"]
[Black "Marth, Juergen"]
[Site "Bad Zwesten"]
[Round "5"]
[Result "0-1"]
[Date "2003.??.??"]
[WhiteElo "1538"]
[BlackElo "2075"]
[PlyCount "124"]
[EventDate "2003.01.02"]
[EventType "swiss"]
[EventRounds "9"]
[EventCountry "GER"]
[SourceTitle "CBM 092 Extra"]
[Source "ChessBase"]
[SourceDate "2003.03.07"]
[SourceVersion "1"]
[SourceVersionDate "2003.03.07"]
[SourceQuality "1"]

1. Nf3 Nf6 2. c4 e6 3. g3 b6 4. Bg2 Bb7 5. 0-0 Be7 6. Nc3 Ne4 7. Nxe4 Bxe4 8. d3 Bc6 9. b3 Bf6 10. Rb1 a5 11. Bb2 Bxb2 12. Rxb2 d6 13. Qd2 0-0 14. Nd4 Bxg2 15. Kxg2 Qf6 16. e3 e5 17. Ne2 Nd7 18. f4 exf4 19. Nxf4 Qe5 20. Qe2 Rfe8 21. e4 c6 22. Rf2 Qd4 23. Rd2 g6 24. Qf1 Re7 25. Ne2 Qe3 26. Ng1 Ne5 27. Rfe2 Qh6 28. h3 Rae8 29. Nf3 Nxf3 30. Qxf3 c5 31. Rf2 Qg7 32. Qf6 Re6 33. Qxg7+ Kxg7 34. Rf3 R8e7 35. Rdf2 Ra7 36. a4 f6 37. g4 h6 38. Kg3 Rf7 39. h4 Re5 40. Kh3 h5 41. g5 f5 42. Kg3 Kf8 43. exf5 gxf5 44. Rf4 Kg7 45. d4 Re3+ 46. R2f3 cxd4 47. Rxd4 Re6 48. Rfd3 Rfe7 49. Kf4 Re1 50. Rxd6 Rf1+ 51. Kg3 f4+ 52. Kg2 Ree1 53. Rd7+ Kg6 54. Rd2 Kf5 55. R7d3 Kg4 56. Rd4 Rg1+ 57. Kf2 Ref1+ 58. Ke2 Rf3 59. R4d3 Rxd3 60. Rxd3 Kxh4 61. Rf3 Kxg5 62. Kd3 Rg3 0-1

[Event "Bad Zwesten op 6th"]
[White "Marth, Juergen"]
[Black "Koeller, Oliver"]
[Site "Bad Zwesten"]
[Round "7"]
[Result "1-0"]
[Date "2002.01.08"]
[WhiteElo "2069"]
[BlackElo "2269"]
[PlyCount "120"]
[EventDate "2002.01.04"]
[EventType "swiss"]
[EventRounds "9"]
[EventCountry "GER"]
[SourceTitle "CBM 086 Extra"]
[Source "ChessBase"]
[SourceDate "2002.03.14"]
[SourceVersion "1"]
[SourceVersionDate "2002.03.14"]
[SourceQuality "1"]

1. e4 c5 2. Nf3 Nc6 3. Nc3 g6 4. Bb5 Bg7 5. Bxc6 bxc6 6. 0-0 d6 7. h3 e5 8. Qe2 Ne7 9. Qc4 Qa5 10. Qa4 Qxa4 11. Nxa4 Ba6 12. Re1 c4 13. b3 Nc8 14. bxc4 Bxc4 15. d3 Bb5 16. Nb2 Ba6 17. Nd1 Rb8 18. Ba3 Kd7 19. Ne3 Bf6 20. Rab1 Rxb1 21. Rxb1 Bd8 22. c4 f6 23. Rb3 Bb6 24. Kf1 Kc7 25. Ke2 Rd8 26. Bb4 Ne7 27. Ra3 Bc8 28. Rc3 Be6 29. a4 Rb8 30. Nc2 Bc5 31. Rb3 Bxb4 32. Nxb4 Rb6 33. a5 Rb7 34. Nd2 c5 35. Nd5+ Bxd5 36. cxd5 Rxb3 37. Nxb3 f5 38. Nd2 Kd7 39. Nc4 Nc8 40. g3 Ke7 41. Ke3 Kf6 42. f3 h6 43. f4 exf4+ 44. gxf4 g5 45. e5+ dxe5 46. fxe5+ Ke7 47. d4 cxd4+ 48. Kxd4 h5 49. Ne3 f4 50. Nf5+ Kf7 51. d6 f3 52. Ke3 Ke6 53. Nd4+ Kd7 54. Kxf3 g4+ 55. hxg4 hxg4+ 56. Kxg4 Nxd6 57. exd6 Kxd6 58. Kf5 Kc5 59. Ke5 Kb4 60. Nc6+ Kc5 1-0

[Event "Bad Zwesten op 6th"]
[White "Kuhn, Ulf"]
[Black "Marth, Juergen"]
[Site "Bad Zwesten"]
[Round "4"]
[Result "0-1"]
[Date "2002.01.06"]
[WhiteElo "1695"]
[BlackElo "2069"]
[PlyCount "70"]
[EventDate "2002.01.04"]
[EventType "swiss"]
[EventRounds "9"]
[EventCountry "GER"]
[SourceTitle "CBM 086 Extra"]
[Source "ChessBase"]
[SourceDate "2002.03.14"]
[SourceVersion "1"]
[SourceVersionDate "2002.03.14"]
[SourceQuality "1"]

1. e4 Nf6 2. e5 Nd5 3. c4 Nb6 4. c5 Nd5 5. Nc3 e6 6. d4 b6 7. cxb6 Nxc3 8. bxc3 axb6 9. f4 Bb7 10. Nf3 Be7 11. Bd3 g6 12. Be3 Ra3 13. Qc2 Nc6 14. h4 Rxc3 15. Qe2 Nb4 16. Bb1 Bxf3 17. gxf3 Bxh4+ 18. Kf1 Nd5 19. Bd2 Ra3 20. Be4 Nc3 21. Bxc3 Rxc3 22. a4 Be7 23. Qg2 d5 24. Qb2 Rc4 25. Bd3 Rb4 26. Bb5+ Kf8 27. Qc3 c5 28. dxc5 Bxc5 29. Be2 Rxf4 30. Qc2 Rh4 31. Rxh4 Qxh4 32. Bd1 Qd4 33. Qa2 Qg1+ 34. Ke2 Qe3+ 35. Kf1 h5 0-1

[Event "Bad Zwesten op 6th"]
[White "Marth, Juergen"]
[Black "Laehnwitz, Alexander"]
[Site "Bad Zwesten"]
[Round "3"]
[Result "1-0"]
[Date "2002.01.05"]
[WhiteElo "2069"]
[BlackElo "1661"]
[PlyCount "53"]
[EventDate "2002.01.04"]
[EventType "swiss"]
[EventRounds "9"]
[EventCountry "GER"]
[SourceTitle "CBM 086 Extra"]
[Source "ChessBase"]
[SourceDate "2002.03.14"]
[SourceVersion "1"]
[SourceVersionDate "2002.03.14"]
[SourceQuality "1"]

1. e4 c6 2. d4 d5 3. exd5 cxd5 4. c4 Nf6 5. Nc3 e6 6. Nf3 Nc6 7. Bf4 Be7 8. c5 0-0 9. a3 b6 10. b4 Nh5 11. Be3 g6 12. Bb5 Bb7 13. Qa4 Nb8 14. Ne5 a6 15. Be2 Ng7 16. c6 Nxc6 17. Nxc6 Bxc6 18. Qxc6 Rc8 19. Qa4 Rxc3 20. Kd2 Qc7 21. Bxa6 Nf5 22. g3 Nxe3 23. fxe3 Bg5 24. Rhe1 Bxe3+ 25. Rxe3 Rxe3 26. Rc1 Rd3+ 27. Bxd3 1-0

[Event "Hessen-chB "]
[White "Blum, Ralph"]
[Black "Marth, Juergen"]
[Site "Frankfurt"]
[Round "8"]
[Result "0-1"]
[Date "2000.04.19"]
[WhiteElo "2069"]
[BlackElo "2069"]
[PlyCount "46"]
[EventDate "2000.04.13"]
[EventType "swiss"]
[EventRounds "11"]
[EventCountry "GER"]
[SourceTitle "EXT 2001"]
[Source "ChessBase"]
[SourceDate "2000.11.22"]
[SourceVersion "1"]
[SourceVersionDate "2000.11.22"]
[SourceQuality "1"]

1. d4 Nf6 2. c4 b6 3. Nf3 Bb7 4. g3 e6 5. Bg2 Bb4+ 6. Bd2 Bxd2+ 7. Qxd2 d6 8. Nc3 0-0 9. 0-0 Nbd7 10. Qc2 Re8 11. e4 e5 12. d5 a5 13. b3 g6 14. Nd2 Nh5 15. Rae1 Qg5 16. Ne2 Ndf6 17. f4 Qh6 18. h3 Bc8 19. Qd3 exf4 20. gxf4 Nd7 21. Qd4 Nc5 22. a3 Qg7 23. Qf2 Nd3 0-1

[Event "Bad Zwesten op 4th"]
[White "Marth, Juergen"]
[Black "Mittendorf, Frank"]
[Site "Bad Zwesten"]
[Round "9"]
[Result "0-1"]
[Date "2000.01.19"]
[WhiteElo "2083"]
[BlackElo "2239"]
[PlyCount "165"]
[EventDate "2000.01.??"]
[EventType "swiss"]
[EventRounds "9"]
[EventCountry "GER"]
[SourceTitle "EXT 2001"]
[Source "ChessBase"]
[SourceDate "2000.11.22"]
[SourceVersion "1"]
[SourceVersionDate "2000.11.22"]
[SourceQuality "1"]

1. e4 e6 2. Nf3 c5 3. Nc3 Nc6 4. d4 cxd4 5. Nxd4 Qc7 6. g3 Bb4 7. Ndb5 Qe5 8. Qd3 a6 9. Na3 b5 10. Bf4 Qc5 11. Bg2 Nf6 12. 0-0 Bxc3 13. Qxc3 Qxc3 14. bxc3 e5 15. Be3 d6 16. Rfd1 Ke7 17. h3 Be6 18. f4 Rhc8 19. f5 Bd7 20. c4 b4 21. Nb1 Na5 22. c5 dxc5 23. Nd2 Bb5 24. a3 Nb7 25. g4 h6 26. a4 Be8 27. Nc4 Nd7 28. Rd5 f6 29. Rad1 Rd8 30. h4 Rac8 31. Bf3 Bf7 32. Rxd7+ Rxd7 33. Rxd7+ Kxd7 34. Nb6+ Kc7 35. Nxc8 Kxc8 36. g5 hxg5 37. hxg5 Be8 38. gxf6 gxf6 39. Be2 Bxa4 40. Bxa6 Bxc2 41. Bxc5 b3 42. Ba3 Bxe4 43. Bc4 Bc2 44. Be6+ Kc7 45. Kf2 Nd6 46. Ke2 Nxf5 47. Kd2 Nd4 48. Bf7 Kc6 49. Kc1 Ne2+ 50. Kd2 Ng3 51. Ke3 Nf5+ 52. Kd2 Nd6 53. Be6 Ne4+ 54. Kc1 Nc5 55. Bc4 f5 56. Kd2 f4 57. Ke2 e4 58. Kd2 e3+ 59. Ke2 Bg6 60. Kf3 Bh5+ 61. Kxf4 e2 62. Bxe2 Bxe2 63. Ke3 Bd1 64. Kd2 Bc2 65. Bb2 Kd5 66. Bg7 Kc4 67. Bh8 Ne4+ 68. Kc1 Kd3 69. Bg7 Nc3 70. Kb2 Ne2 71. Bf6 Nd4 72. Bg7 Ne6 73. Bf6 Nc5 74. Bg7 Kd2 75. Bc3+ Kd1 76. Bg7 Nd3+ 77. Ka1 Nf2 78. Kb2 Ne4 79. Be5 Nc5 80. Bg7 Na4+ 81. Ka1 Bd3 82. Bf6 Kc1 83. Bg7 0-1

[Event "Bad Zwesten op 4th"]
[White "Schmitz, Andreas"]
[Black "Marth, Juergen"]
[Site "Bad Zwesten"]
[Round "8"]
[Result "1-0"]
[Date "2000.01.18"]
[WhiteElo "2182"]
[BlackElo "2083"]
[PlyCount "99"]
[EventDate "2000.01.??"]
[EventType "swiss"]
[EventRounds "9"]
[EventCountry "GER"]
[SourceTitle "EXT 2001"]
[Source "ChessBase"]
[SourceDate "2000.11.22"]
[SourceVersion "1"]
[SourceVersionDate "2000.11.22"]
[SourceQuality "1"]

1. e4 c5 2. c3 d5 3. exd5 Qxd5 4. d4 e6 5. Nf3 Nf6 6. Na3 cxd4 7. Nb5 Na6 8. Qxd4 Bc5 9. Qxd5 Nxd5 10. Nbd4 Nac7 11. c4 Nf6 12. a3 a5 13. Bf4 Na6 14. Be2 0-0 15. 0-0 Rd8 16. Rfd1 Bd7 17. b3 Be8 18. Nc2 Ne4 19. Be3 Nc3 20. Rxd8 Nxe2+ 21. Kf1 Ng3+ 22. hxg3 Rxd8 23. Bxc5 Nxc5 24. b4 Nb3 25. Rb1 a4 26. Ke2 f6 27. Ne3 Bg6 28. Rd1 Bd3+ 29. Ke1 Kf7 30. Nd2 e5 31. Nb1 e4 32. Nc3 Ra8 33. f3 Re8 34. Kf2 g6 35. Nxa4 Ra8 36. Nc3 f5 37. Nb5 Ra6 38. fxe4 fxe4 39. Ng4 Kg7 40. Ne5 Rf6+ 41. Ke3 Bc2 42. Rd7+ Kg8 43. Rxb7 Rf1 44. c5 Re1+ 45. Kf2 Rc1 46. c6 Bd3 47. c7 g5 48. Rb8+ Kg7 49. Nxd3 exd3 50. c8Q 1-0

[Event "Bad Zwesten op 4th"]
[White "Lutz, Anke"]
[Black "Marth, Juergen"]
[Site "Bad Zwesten"]
[Round "4"]
[Result "1-0"]
[Date "2000.01.09"]
[WhiteElo "2261"]
[BlackElo "2083"]
[PlyCount "61"]
[EventDate "2000.01.??"]
[EventType "swiss"]
[EventRounds "9"]
[EventCountry "GER"]
[SourceTitle "EXT 2001"]
[Source "ChessBase"]
[SourceDate "2000.11.22"]
[SourceVersion "1"]
[SourceVersionDate "2000.11.22"]
[SourceQuality "1"]

1. e4 c5 2. Nf3 Nc6 3. d4 cxd4 4. Nxd4 Nf6 5. Nc3 d6 6. Be2 e5 7. Nf3 h6 8. 0-0 Be6 9. Re1 Be7 10. h3 0-0 11. Bf1 Rc8 12. Nd5 Re8 13. Nxe7+ Qxe7 14. c4 Na5 15. b3 b6 16. Ba3 Nb7 17. Nxe5 Bxh3 18. Nf3 Bg4 19. e5 Nd7 20. exd6 Qf6 21. Qd5 Bxf3 22. Qxf3 Qxf3 23. gxf3 Rxe1 24. Rxe1 Ndc5 25. Bh3 Rd8 26. d7 Ne6 27. Rxe6 fxe6 28. Bxe6+ Kh7 29. Be7 Rh8 30. Bd5 Nd8 31. b4 1-0

[Event "Bad Zwesten op 4th"]
[White "Marth, Juergen"]
[Black "Naiditsch, Marija"]
[Site "Bad Zwesten"]
[Round "5"]
[Result "1-0"]
[Date "2000.01.09"]
[WhiteElo "2083"]
[BlackElo "1591"]
[PlyCount "93"]
[EventDate "2000.01.??"]
[EventType "swiss"]
[EventRounds "9"]
[EventCountry "GER"]
[SourceTitle "EXT 2001"]
[Source "ChessBase"]
[SourceDate "2000.11.22"]
[SourceVersion "1"]
[SourceVersionDate "2000.11.22"]
[SourceQuality "1"]

1. Nf3 d5 2. b3 Nf6 3. Bb2 Bf5 4. e3 e6 5. Be2 h6 6. 0-0 Be7 7. d3 0-0 8. Nbd2 c5 9. Ne5 Nbd7 10. Nxd7 Qxd7 11. f4 Rac8 12. a4 Rfd8 13. Rf2 Ne8 14. g4 Bh7 15. Nf3 c4 16. Ne5 Qc7 17. bxc4 f6 18. Nf3 dxc4 19. Nd4 Qb6 20. Rb1 cxd3 21. Bxd3 Bxd3 22. cxd3 Qa6 23. Qb3 Nc7 24. Rc2 Rd6 25. Rc4 Rb6 26. Qa2 Rb4 27. Rbc1 Rxc4 28. Rxc4 Qd6 29. f5 Rd8 30. Rxc7 Qxc7 31. Nxe6 Qc8 32. Nxd8+ Kh7 33. Ne6 Qc2 34. Qa1 Qxd3 35. Bd4 Qe2 36. h3 Qf3 37. Qf1 Qg3+ 38. Kh1 Qd6 39. Kg2 Qc6+ 40. Qf3 Qc2+ 41. Kg3 Bd6+ 42. Nf4 Bb4 43. h4 Be1+ 44. Kh3 b6 45. Bxf6 Qc4 46. Bd4 Ba5 47. Qb7 1-0

[Event "Bad Zwesten op 4th"]
[White "Marth, Juergen"]
[Black "Buchenau, Frank"]
[Site "Bad Zwesten"]
[Round "2"]
[Result "1/2-1/2"]
[Date "2000.01.02"]
[WhiteElo "2083"]
[BlackElo "2220"]
[PlyCount "157"]
[EventDate "2000.01.??"]
[EventType "swiss"]
[EventRounds "9"]
[EventCountry "GER"]
[SourceTitle "EXT 2001"]
[Source "ChessBase"]
[SourceDate "2000.11.22"]
[SourceVersion "1"]
[SourceVersionDate "2000.11.22"]
[SourceQuality "1"]

1. Nf3 d5 2. b3 Bg4 3. Bb2 Nd7 4. d4 Bxf3 5. exf3 g6 6. g3 Bg7 7. Bg2 e6 8. 0-0 Ne7 9. f4 c5 10. Nd2 cxd4 11. Nf3 Nc6 12. Nxd4 Qb6 13. c3 Nxd4 14. cxd4 0-0 15. Qd3 Rfc8 16. Rfd1 a5 17. a4 Rc6 18. Bf1 Rac8 19. Qb5 Qxb5 20. Bxb5 R6c7 21. Rac1 Nb8 22. Rxc7 Rxc7 23. Rd2 Bf8 24. Kg2 Bb4 25. Re2 Kf8 26. Kf3 Ke7 27. Ke3 Bc3 28. Ba3+ Bb4 29. Bb2 Nd7 30. Kd3 Nf6 31. f3 Nh5 32. Rc2 Rxc2 33. Kxc2 Be1 34. Ba3+ Kd8 35. Bd6 Bf2 36. Kd3 Bg1 37. g4 Nf6 38. h3 Bf2 39. Bc5 Kc7 40. Ba3 Nd7 41. Bc1 b6 42. Ba3 Bg3 43. Ke3 Nf6 44. Be7 Ng8 45. Bf8 Kd8 46. Bd6 g5 47. Bd3 h6 48. Bh7 Ne7 49. Bxe7+ Kxe7 50. fxg5 hxg5 51. Bc2 f6 52. Bg6 Kd6 53. Kd3 Bf2 54. Bh7 e5 55. dxe5+ Kxe5 56. Bg8 d4 57. Bh7 Kf4 58. Be4 Kg3 59. Ke2 Be3 60. Kd3 Kxh3 61. Bc6 Kg3 62. Kc4 Kf2 63. Kd3 Ke1 64. Bd5 Kd1 65. Be6 Kc1 66. Bd5 Kb2 67. Bc4 Ka3 68. Bd5 Kb4 69. Bc4 Kc5 70. Be6 Kd6 71. Bf5 Ke5 72. Bh7 Bc1 73. Be4 Ba3 74. Bh7 Bc5 75. Be4 Kf4 76. Bb7 f5 77. gxf5 Kxf5 78. Bc8+ Kf4 79. Bb7 1/2-1/2

[Event "Hessen-ch int 1st"]
[White "Heck, Norbert"]
[Black "Marth, Juergen"]
[Site "Willingen"]
[Round "3"]
[Result "1-0"]
[Date "1999.07.09"]
[WhiteElo "2357"]
[BlackElo "2083"]
[PlyCount "97"]
[EventDate "1999.07.??"]
[EventType "swiss"]
[EventRounds "9"]
[EventCountry "GER"]
[SourceTitle "EXT 2001"]
[Source "ChessBase"]
[SourceDate "2000.11.22"]
[SourceVersion "1"]
[SourceVersionDate "2000.11.22"]
[SourceQuality "1"]

1. d4 Nf6 2. Nf3 b6 3. g3 Bb7 4. Bg2 g6 5. c4 Bg7 6. 0-0 0-0 7. Nc3 c5 8. d5 d6 9. Rb1 a6 10. a4 Nbd7 11. b3 Qc7 12. Qc2 e5 13. e4 h6 14. Bd2 Kh7 15. Nh4 Rae8 16. Rbe1 Bc8 17. f4 exf4 18. gxf4 Qd8 19. Nf3 Nh5 20. Kh1 f5 21. exf5 gxf5 22. Bh3 Kh8 23. Rxe8 Qxe8 24. Bxf5 Rxf5 25. Qxf5 Ndf6 26. Qd3 Ng4 27. Qe4 Qf7 28. Nh4 Bd4 29. Qg6 Qxg6 30. Nxg6+ Kg7 31. Ne7 Bd7 32. Ne4 Nhf6 33. Nxd6 Nf2+ 34. Rxf2 Bxf2 35. Bc3 Bg4 36. Kg2 Bd4 37. Nef5+ Kg6 38. Bxd4 cxd4 39. Nxd4 Bd1 40. Nc8 Nd7 41. Kf2 Kf6 42. Ke3 Kf7 43. Kd2 Bg4 44. Nd6+ Kf6 45. b4 a5 46. bxa5 bxa5 47. Ne4+ Ke7 48. d6+ Kd8 49. c5 1-0

[Event "Hessen-ch op"]
[White "Kreiling, Carsten"]
[Black "Marth, Juergen"]
[Site "Baunatal"]
[Round "9"]
[Result "1-0"]
[Date "1999.04.01"]
[WhiteElo "2131"]
[BlackElo "2120"]
[PlyCount "119"]
[EventDate "1999.03.25"]
[EventType "swiss"]
[EventRounds "11"]
[EventCountry "GER"]
[SourceTitle "EXT 2000"]
[Source "ChessBase"]
[SourceDate "1999.11.16"]
[SourceVersion "1"]
[SourceVersionDate "1999.11.16"]
[SourceQuality "1"]

1. d4 Nf6 2. c4 b6 3. Nc3 Bb7 4. Nf3 e6 5. a3 Be7 6. d5 0-0 7. e4 exd5 8. cxd5 Re8 9. Bd3 c6 10. 0-0 cxd5 11. exd5 Nxd5 12. Nxd5 Bxd5 13. Bxh7+ Kxh7 14. Qxd5 Nc6 15. Qxf7 Bf6 16. Rd1 Ne5 17. Nxe5 Rxe5 18. Bf4 Qe7 19. Qxe7 Rxe7 20. Rd2 Rae8 21. Kf1 Re4 22. Be3 R8e7 23. Rc1 d6 24. g3 Rf7 25. Kg2 d5 26. Rcd1 g6 27. h4 d4 28. Bf4 Bg7 29. Rd3 Re2 30. R1d2 Re8 31. Rc2 Ree7 32. b3 Rf5 33. Rc7 Rxc7 34. Bxc7 Rc5 35. Bf4 Rc2 36. Kf3 a6 37. Bd2 b5 38. Ke4 Ra2 39. b4 Rc2 40. f3 Bf6 41. Bf4 Re2+ 42. Kd5 Kg8 43. g4 Kf7 44. Bd2 Re8 45. f4 Rd8+ 46. Ke4 Re8+ 47. Kd5 Rd8+ 48. Ke4 Re8+ 49. Kf3 Rh8 50. g5 Bg7 51. Be1 Ke6 52. Ke4 Kd6 53. Bf2 Re8+ 54. Kf3 Kd5 55. h5 gxh5 56. f5 Bf8 57. f6 Re4 58. Rxd4+ Rxd4 59. Bxd4 Ke6 60. Bc5 1-0